129_ Personnalités nées un 9 mai par images - Statistiques

Statistiques générales
  • Ce quiz a été pris 25 fois
  • Le résultat moyen est 1 sur 9
Statistiques - réponses
Par images Hint Réponse % Correct
Athlète Marie-José Pérec
100%
Archéologue Howard Carter
12%
Humoriste Rosa Bursztein
12%
Actrice Rosario Dawson
4%
Chanteur Dave Gahan
0%
Comédienne Geraldine McEwan
0%
Actrice Hélène Bellanger
0%
Acteur John Corbett
0%
Chanteur Pierre Bouvier
0%
Aucun quiz correspondant
Distribution des résultats
% des personnes avec chaque résultat
Percentile par nombre de réponses
Votre historique - résultats
Vous n’avez pas pris ce quiz